[Event "Druzynowe Mistrzostwa Polski Juniorow 2018 - II Liga"]
[Site "Szczyrk"]
[Date "1899-12-30"]
[Round "8.20"]
[White "Musial, Tomasz"]
[Black "Jordan, Adam"]
[Result "0-1"]
[WhiteTitle "k"]
[BlackTitle "I"]
[WhiteElo "2029"]
[BlackElo "1830"]

1. e4 c6 2. Nc3 d5 3. Nf3 dxe4 4. Nxe4 Nf6 5. Qe2 e6 6. g3 Nbd7 7. Bg2 Nxe4 8.
Qxe4 Nf6 9. Qe2 Bd6 10. O-O O-O 11. d4 Re8 12. Ne5 Nd5 13. c4 Ne7 14. Bf4 Nf5
15. Rad1 f6 16. Qe4 Bf8 17. Nf3 Qb6 18. b3 Bd7 19. Rfe1 Bb4 20. Re2 Qa5 21. Bc1
Rad8 22. a3 Bf8 23. Bb2 b5 24. Nd2 Nd6 25. Qc2 bxc4 26. Nxc4 Nxc4 27. Qxc4 c5
28. dxc5 Bb5 29. Qc2 Rxd1+ 30. Qxd1 Bxe2 31. Qxe2 Qxc5 32. Bf1 Qd5 33. Qc4 Qxc4
34. Bxc4 Bc5 35. Kf1 Kf7 36. Ke2 Rd8 37. Bc1 f5 38. h4 h6 39. a4 Kf6 40. Bb2+
Bd4 41. Ba3 Bc3 42. Bc1 g5 43. hxg5+ hxg5 44. Be3 a5 45. Bb6 Rd2+ 46. Kf3 g4+
47. Ke3 e5 48. Bc5 Rb2 49. f4 e4 50. Bb6 Rg2 51. Bd8+ Kg6 52. Bh4 Bf6 53. Bf1
Rb2 54. Bxf6 Kxf6 55. Bc4 Rg2 56. Kd4 Rxg3 57. Kc5 Rd3 0-1

[Event "Druzynowe Mistrzostwa Polski Juniorow 2018 - II Liga"]
[Site "Szczyrk"]
[Date "1899-12-30"]
[Round "8.21"]
[White "Kozlowski, Michal"]
[Black "Wilk, Igor"]
[Result "1-0"]
[WhiteTitle "I"]
[BlackTitle "I"]
[WhiteElo "1742"]
[BlackElo "1560"]

1. e4 e6 2. d4 d5 3. exd5 exd5 4. Bd3 Nc6 5. c3 Bd6 6. Ne2 Nge7 7. O-O O-O 8. Bf4
Ng6 9. Bxd6 Qxd6 10. Nd2 Nce7 11. Qc2 Qf6 12. Nb3 b6 13. Rae1 Bf5 14. Nbc1 Rfe8
15. Ng3 Bxd3 16. Nxd3 Nc6 17. Qd2 Na5 18. b3 Nb7 19. f4 Nd6 20. Ne5 Nb7 21. Re2
c6 22. Qe3 Nxe5 23. fxe5 Qe6 24. Nf5 Kh8 25. Qg3 Qg6 26. Qh4 Qe6 27. Re3 h6 28.
Nxg7 Kxg7 29. Rf6 1-0

[Event "Druzynowe Mistrzostwa Polski Juniorow 2018 - II Liga"]
[Site "Szczyrk"]
[Date "1899-12-30"]
[Round "8.22"]
[White "Bartoszczuk, Adam"]
[Black "Strepikowski, Pawel"]
[Result "0-1"]
[WhiteTitle "II+"]
[BlackTitle "II"]
[WhiteElo "1249"]
[BlackElo "1487"]

1. e4 c5 2. Nf3 d6 3. Bb5+ Bd7 4. Bxd7+ Nxd7 5. O-O Ngf6 6. Re1 e6 7. c3 Be7 8.
d4 cxd4 9. cxd4 d5 10. e5 Ne4 11. Nbd2 Nxd2 12. Bxd2 O-O 13. Rc1 Qb6 14. Qa4 Nb8
15. Ba5 Qa6 16. Qb3 Nc6 17. Bd2 Bd8 18. h3 Qb6 19. Qxb6 Bxb6 20. Be3 Nb4 21. Red1
Nxa2 22. Ra1 Nb4 23. Rac1 Rfc8 24. Nd2 Nd3 25. Rxc8+ Rxc8 26. b3 Nb4 27. Nb1 a6
28. Na3 Rc3 29. Nb1 Rxb3 30. Rc1 Nc6 31. Nd2 Rb4 32. Nf3 h6 33. Kf1 Nxd4 34. Nxd4
Bxd4 35. Rc8+ Kh7 36. Bxd4 Rxd4 37. Rb8 b5 38. Rb7 Kg6 39. Ke2 Ra4 40. g4 f6 41.
Rb6 Re4+ 42. Kd3 Rxe5 43. Rxa6 Kg5 44. Ra1 Kh4 45. f4 Re4 46. f5 e5 47. Ra5 Rd4+
48. Ke3 Kxh3 49. Rxb5 Kxg4 50. Rb1 Kxf5 51. Rg1 g5 52. Rh1 Kg6 0-1

[Event "Druzynowe Mistrzostwa Polski Juniorow 2018 - II Liga"]
[Site "Szczyrk"]
[Date "1899-12-30"]
[Round "8.23"]
[White "Daliga, Anita"]
[Black "Pyzio, Amelia"]
[Result "1/2-1/2"]
[WhiteTitle "I+"]
[BlackTitle "I++"]
[WhiteElo "1605"]
[BlackElo "1679"]

1. e4 e5 2. Nf3 Nc6 3. Bb5 a6 4. Ba4 Nf6 5. O-O Be7 6. Re1 b5 7. Bb3 d6 8. h3 Na5
9. c3 Nxb3 10. Qxb3 Bb7 11. d3 O-O 12. Nbd2 Nh5 13. Nf1 Kh8 14. d4 Bf6 15. N1h2
Nf4 16. Bxf4 exf4 17. e5 dxe5 18. Nxe5 Bd5 19. Qc2 g6 20. Nhg4 Bg7 21. f3 Qg5
22. Qd2 Rfe8 23. Nd3 Rxe1+ 24. Rxe1 Bxa2 25. Qxf4 Qxf4 26. Nxf4 Rc8 27. Ra1 Bc4
28. Rxa6 b4 29. Ra4 c5 30. dxc5 bxc3 31. bxc3 Bb5 32. Ra5 Bc4 33. Ra4 Bb5 34.
Ra5 Bc4 35. Ra4 Bb5 1/2-1/2

[Event "Druzynowe Mistrzostwa Polski Juniorow 2018 - II Liga"]
[Site "Szczyrk"]
[Date "1899-12-30"]
[Round "8.24"]
[White "Mucha, Marta"]
[Black "Filipiak, Magdalena"]
[Result "1-0"]
[WhiteTitle "I+"]
[BlackTitle "I"]
[WhiteElo "1432"]
[BlackElo "1231"]

1. d4 d5 2. Nf3 Nf6 3. e3 Bf5 4. c4 e6 5. Nc3 Nc6 6. a3 Be7 7. Be2 O-O 8. Nh4 Be4
9. cxd5 exd5 10. Nxe4 Nxe4 11. Nf5 Bf6 12. Ng3 Nxg3 13. hxg3 Re8 14. Kf1 Bg5 15.
Bd3 h6 16. b3 Qf6 17. f4 Re6 18. Kg1 Nxd4 19. Bh7+ Kxh7 20. exd4 Qe7 21. Qd3+
Kg8 22. fxg5 Re1+ 23. Kh2 Rxh1+ 24. Kxh1 Qe1+ 25. Kh2 Re8 26. Rb1 hxg5 27. Bxg5
Qf2 28. Rf1 Qa2 29. Qf5 f6 30. Qxd5+ Kh8 31. Bxf6 gxf6 32. Rxf6 Qe2 33. Rh6+ Kg7
34. Qg5+ Kf7 35. Qf6+ Kg8 36. Rh8# 1-0

[Event "Druzynowe Mistrzostwa Polski Juniorow 2018 - II Liga"]
[Site "Szczyrk"]
[Date "1899-12-30"]
[Round "8.25"]
[White "Klepek, Witold"]
[Black "Nowak, Mikolaj"]
[Result "0-1"]
[WhiteTitle "k+"]
[BlackTitle "I++"]
[WhiteElo "2076"]
[BlackElo "2015"]

1. e4 c6 2. d4 d5 3. Nc3 dxe4 4. Nxe4 Bf5 5. Ng3 Bg6 6. h4 h6 7. f4 e6 8. Nf3 Nd7
9. h5 Bh7 10. Bd3 Bxd3 11. Qxd3 Ngf6 12. Bd2 Bd6 13. O-O-O Qc7 14. Ne5 O-O 15.
Ne4 Nxe4 16. Qxe4 f5 17. Qe2 Nf6 18. Rh3 Rad8 19. Be3 Bxe5 20. fxe5 Ne4 21. g4
f4 22. Bf2 Nxf2 23. Qxf2 c5 24. Rc3 Qa5 25. Rxc5 Qxa2 26. c3 Qa1+ 27. Kc2 Qa4+
28. Kd2 Rd7 29. Qf3 Rxd4+ 30. Kc1 Rxd1+ 31. Qxd1 Qe4 32. Qd6 f3 33. Qxe6+ Kh8
34. Qd6 Qf4+ 0-1

[Event "Druzynowe Mistrzostwa Polski Juniorow 2018 - II Liga"]
[Site "Szczyrk"]
[Date "1899-12-30"]
[Round "8.26"]
[White "Leskiewicz, Ignacy"]
[Black "Burzak, Wojciech"]
[Result "1-0"]
[WhiteTitle "I+"]
[BlackTitle "I"]
[WhiteElo "1856"]
[BlackElo "1749"]

1. e4 c5 2. Nf3 e6 3. d4 cxd4 4. Nxd4 a6 5. Nc3 Qc7 6. Qf3 Nf6 7. Qg3 Qxg3 8. hxg3
d6 9. f3 Nc6 10. Be3 Nxd4 11. Bxd4 Nd7 12. a4 b6 13. Kf2 Bb7 14. Be2 Rc8 15. f4
e5 16. Be3 Be7 17. Rac1 Nc5 18. b4 Nd7 19. Nd5 Bxd5 20. exd5 Ra8 21. c4 exf4 22.
gxf4 a5 23. bxa5 Rxa5 24. Ra1 Bf6 25. Ra3 Nc5 26. Rb1 Ra6 27. Bxc5 dxc5 28. a5
Rxa5 29. Rxa5 bxa5 30. Rb5 O-O 31. Rxa5 Rd8 32. Kf3 Bd4 33. Ra6 Kf8 34. d6 Ke8
35. Ke4 Bf2 36. Kd5 g6 37. Bg4 Be3 38. f5 f6 39. fxg6 hxg6 40. Be6 Bd4 41. Ra7
Be5 42. Re7+ Kf8 43. Rf7+ Ke8 44. d7+ 1-0

[Event "Druzynowe Mistrzostwa Polski Juniorow 2018 - II Liga"]
[Site "Szczyrk"]
[Date "1899-12-30"]
[Round "8.27"]
[White "Kozubek, Krystian"]
[Black "Klimkowski, Jan"]
[Result "1/2-1/2"]
[WhiteTitle "II"]
[BlackTitle "I"]
[WhiteElo "1386"]
[BlackElo "1898"]

1. e4 c5 2. Nf3 d6 3. Bb5+ Bd7 4. Bxd7+ Qxd7 5. c4 Nf6 6. Nc3 g6 7. d4 cxd4 8.
Nxd4 Bg7 9. h3 Nc6 10. Be3 O-O 11. O-O Rac8 12. b3 Rfd8 13. Rc1 e6 14. Qf3 Ne5
15. Qe2 d5 16. exd5 exd5 17. Nxd5 Nxd5 18. cxd5 Rxc1 19. Rxc1 Qxd5 20. Rc2 Qe4
21. Rd2 h5 22. f3 Qh4 23. Bf2 Qf4 24. g3 Qf6 25. f4 Nd7 26. Nf3 Nb6 27. Bd4 Qf5
28. Bxb6 Rxd2 29. Qxd2 axb6 30. Kg2 Qe4 31. Qe1 Qc6 32. Qe2 Bc3 33. Kh2 b5 34.
Ng5 h4 35. Qe7 hxg3+ 36. Kxg3 Qd5 37. Qe4 Qc6 38. Qe7 Qd5 39. Qe4 Qd7 40. Qf3
Be1+ 41. Kg2 Qd2+ 42. Kf1 Bh4 43. Ne4 Qe1+ 44. Kg2 b4 45. f5 g5 46. Qd3 Kh7 47.
Qd5 Qe2+ 48. Kg1 Qe1+ 49. Kg2 Qe2+ 50. Kg1 Qe3+ 51. Kg2 1/2-1/2

[Event "Druzynowe Mistrzostwa Polski Juniorow 2018 - II Liga"]
[Site "Szczyrk"]
[Date "1899-12-30"]
[Round "8.28"]
[White "Radoch, Filip"]
[Black "Raba, Bartosz"]
[Result "1/2-1/2"]
[WhiteTitle "II"]
[BlackTitle "II"]
[WhiteElo "1128"]
[BlackElo "1272"]

1. c4 e5 2. Nc3 Nc6 3. d3 d6 4. g3 g6 5. Bg2 Bg7 6. e4 f5 7. Nge2 Nge7 8. O-O O-O
9. Be3 Be6 10. Rb1 a5 11. a3 h6 12. Qd2 g5 13. exf5 Bxf5 14. h3 Ng6 15. Rbd1 Qd7
16. Kh2 Kh7 17. d4 exd4 18. Nxd4 Nxd4 19. Bxd4 Rab8 20. Nd5 b6 21. b4 axb4 22.
axb4 Ne5 23. Bxe5 Bxe5 24. f4 gxf4 25. gxf4 Bg7 26. Rde1 Rf7 27. Be4 c5 28. b5
Kh8 29. Bxf5 Qxf5 30. Qe2 Ra7 31. Rd1 Rba8 32. Nxb6 Rg8 33. Nd5 Ra3 34. Rf3 Rxf3
35. Qxf3 Qc2+ 36. Kh1 Qxc4 37. b6 Qa6 38. Rb1 Qb7 39. Re1 Bd4 40. Rf1 c4 41. Kh2
c3 42. Nxc3 Qxb6 43. Ne2 Qb2 44. Kh1 Bg7 45. Rd1 Re8 46. Ng3 Rf8 47. Rxd6 Qc1+
48. Rd1 Qxf4 49. Qxf4 Rxf4 50. Rd8+ Rf8 51. Rxf8+ Bxf8 1/2-1/2

[Event "Druzynowe Mistrzostwa Polski Juniorow 2018 - II Liga"]
[Site "Szczyrk"]
[Date "1899-12-30"]
[Round "8.29"]
[White "Gredka, Dominika"]
[Black "Waligora, Julia"]
[Result "1-0"]
[WhiteTitle "I++"]
[BlackTitle "I"]
[WhiteElo "1794"]
[BlackElo "1424"]

1. e4 e6 2. d4 d5 3. Nd2 Nf6 4. e5 Nfd7 5. Bd3 c5 6. c3 Nc6 7. Ne2 cxd4 8. cxd4
f6 9. exf6 Qxf6 10. Nf3 h6 11. O-O Bd6 12. Bc2 Ne7 13. Ng3 Qf7 14. Qd3 Nf6 15.
Ne5 Bxe5 16. dxe5 Nd7 17. f4 h5 18. h4 g6 19. Bd2 Nf5 20. Nxf5 gxf5 21. Bb3 Nb6
22. Ba5 Bd7 23. Bxb6 axb6 24. Qd4 b5 25. Bxd5 Bc8 26. Bb3 O-O 27. Rf3 Kh8 28.
Rg3 Rg8 29. Rxg8+ Qxg8 30. Rd1 Kg7 31. Qc5 Qe8 32. Qc7+ Qf7 33. Qd8 Kh6 34. Qg5+
Kh7 35. Rd8 b6 36. Bxe6 Bxe6 37. Rxa8 Bd5 38. Rd8 Bxa2 39. Rd6 Be6 40. Qd8 b4
41. Qxb6 Bc4 42. Rh6+ Kg7 43. Qf6+ Qxf6 44. Rxf6 Bd3 45. Rb6 Kf7 46. Rxb4 Ke6
47. Rd4 Bb5 48. Rd6+ Ke7 49. b4 Bc4 50. Kf2 Bb5 51. Rd5 Bc6 52. Rc5 Be4 53. b5
Kd7 54. b6 Bc6 55. e6+ Kd6 56. Rxc6+ Kxc6 57. e7 1-0

[Event "Druzynowe Mistrzostwa Polski Juniorow 2018 - II Liga"]
[Site "Szczyrk"]
[Date "1899-12-30"]
[Round "8.30"]
[White "Malek, Sophie"]
[Black "Wiecek, Karolina"]
[Result "0-1"]
[WhiteTitle "III"]
[BlackTitle "II+"]
[WhiteElo "1000"]
[BlackElo "1235"]

1. e4 d5 2. exd5 Qxd5 3. Nc3 Qa5 4. d4 c6 5. h3 Bf5 6. Bd2 Qc7 7. Nf3 Nf6 8. g4
Bg6 9. Nh4 e6 10. Nxg6 hxg6 11. Qe2 Nbd7 12. O-O-O Bd6 13. Bg2 O-O-O 14. Bg5 Rde8
15. Bxf6 Nxf6 16. g5 Bf4+ 17. Kb1 Bxg5 18. Rhe1 Bf4 19. Rh1 Bd6 20. h4 Bb4 21.
Ne4 Nd5 22. Qg4 f5 23. Qxg6 fxe4 24. Bxe4 Rhf8 25. Rdf1 Qf7 26. f3 Qxg6 27. Bxg6
Re7 28. h5 Nf4 29. Be4 e5 30. dxe5 Rxe5 31. Rfg1 Rxh5 32. Rxh5 Nxh5 33. c3 Bd6
34. Rg5 Nf6 35. Bf5+ Nd7 36. Bxd7+ Kxd7 37. Rxg7+ Be7 38. Rg3 Ke6 39. Kc2 Bd6
40. Rh3 Bf4 41. Rh1 Rd8 42. Rd1 Rxd1 43. Kxd1 Ke5 44. Ke2 Kd5 45. Kd3 c5 46. c4+
Ke5 47. Ke2 Kd4 48. b3 Kc3 49. a4 Kxb3 0-1

[Event "Druzynowe Mistrzostwa Polski Juniorow 2018 - II Liga"]
[Site "Szczyrk"]
[Date "1899-12-30"]
[Round "8.32"]
[White "Burdzicki, Stanislaw"]
[Black "Radecki, Adam"]
[Result "1-0"]
[WhiteTitle "II+"]
[BlackTitle "I"]
[WhiteElo "1623"]
[BlackElo "1702"]

1. d4 Nf6 2. c4 g6 3. Nc3 d5 4. cxd5 Nxd5 5. Bd2 Nb6 6. e3 Bg7 7. f4 O-O 8. Nf3
Be6 9. Be2 Bc4 10. O-O Bxe2 11. Qxe2 Na6 12. Rfd1 Rc8 13. Rac1 c6 14. a3 Nc7 15.
Ne4 Nbd5 16. b4 f5 17. Nc5 b6 18. Nd3 Ne6 19. Nfe5 Bxe5 20. Nxe5 Qd6 21. h4 Nf6
22. Be1 Kg7 23. Rc4 Rc7 24. Rdc1 Rfc8 25. Qc2 c5 26. bxc5 bxc5 27. Ba5 Rb7 28.
dxc5 Qa6 29. c6 Rb5 30. Bb4 Nd5 31. Qb2 Kg8 32. Qd2 Qb6 33. Bc5 Nxc5 34. Qxd5+
e6 35. Qd6 Rd8 36. Qe7 Ne4 37. Qxe6+ Kg7 38. Qe7+ Kg8 39. Rd4 Rxd4 40. Qf7+ 1-0

[Event "Druzynowe Mistrzostwa Polski Juniorow 2018 - II Liga"]
[Site "Szczyrk"]
[Date "1899-12-30"]
[Round "8.33"]
[White "Piechota, Kamil"]
[Black "Kaliszuk, Kamil"]
[Result "1-0"]
[WhiteTitle "II"]
[BlackTitle "II"]
[WhiteElo "1521"]
[BlackElo "1457"]

1. e4 c5 2. c3 Nf6 3. e5 Nd5 4. d4 cxd4 5. cxd4 d6 6. Nf3 Nc6 7. Bc4 Nb6 8. Bb5
Bd7 9. Nc3 dxe5 10. Nxe5 Nxe5 11. dxe5 Bxb5 12. Qxd8+ Rxd8 13. Nxb5 a6 14. Nc3
e6 15. O-O Bb4 16. Ne4 Nc4 17. f4 Rd4 18. Ng5 Bc5 19. Kh1 O-O 20. b3 Nb6 21. Be3
Rd5 22. Bxc5 Rxc5 23. Ne4 Rc7 24. Nd6 Nc8 25. Rac1 Rxc1 26. Rxc1 Nxd6 27. exd6
Rb8 28. d7 Rd8 29. Rc7 Kf8 30. Rxb7 1-0

[Event "Druzynowe Mistrzostwa Polski Juniorow 2018 - II Liga"]
[Site "Szczyrk"]
[Date "1899-12-30"]
[Round "8.34"]
[White "Binek, Dawid"]
[Black "Karwot, Marek"]
[Result "1-0"]
[WhiteTitle "II"]
[BlackTitle "III"]
[WhiteElo "1325"]
[BlackElo "1000"]

1. Nf3 Nf6 2. d4 c5 3. c4 b6 4. dxc5 bxc5 5. Nc3 Nc6 6. g3 d6 7. Bg2 Bd7 8. b3
g6 9. Bb2 e6 10. O-O Qe7 11. Nb5 Rc8 12. Bxf6 Qxf6 13. Nxd6+ Bxd6 14. Qxd6 Qe7
15. Qd2 O-O 16. Rfd1 Rcd8 17. Qc3 Bc8 18. e3 Rxd1+ 19. Rxd1 Rd8 20. Rxd8+ Qxd8
21. Ne5 Nxe5 22. Qxe5 Qb6 23. Qe4 Kg7 24. Qc6 Qxc6 25. Bxc6 Kf6 26. f4 e5 27.
Kf2 Bg4 28. a3 Bd1 29. b4 cxb4 30. axb4 Bb3 31. c5 Be6 32. b5 Bc8 33. b6 axb6
34. cxb6 Ke6 35. b7 Bxb7 36. Bxb7 f6 37. Ba6 h6 38. Bd3 g5 39. f5+ Kd5 40. e4+
Kd4 41. Bb1 h5 42. Kf3 Kc3 43. Ba2 Kd4 44. Bd5 Kd3 45. h4 g4+ 46. Kf2 Kd2 47.
Bc4 Kc3 48. Bf7 Kd4 49. Bxh5 Kxe4 50. Bxg4 1-0

[Event "Druzynowe Mistrzostwa Polski Juniorow 2018 - II Liga"]
[Site "Szczyrk"]
[Date "1899-12-30"]
[Round "8.35"]
[White "Obrochta, Lena"]
[Black "Orlik, Sandra"]
[Result "0-1"]
[WhiteTitle "I"]
[BlackTitle "I++"]
[WhiteElo "1422"]
[BlackElo "1683"]

1. e4 c5 2. Nc3 e6 3. g3 Nc6 4. Bg2 Nf6 5. d3 Be7 6. Bd2 d5 7. Nge2 d4 8. Nb1 O-O
9. O-O a6 10. f4 Rb8 11. h3 Ne8 12. Kh2 f5 13. e5 Nc7 14. Ng1 Nd5 15. Qe2 b5 16.
Na3 Bb7 17. Rae1 Ndb4 18. Ra1 Qd7 19. g4 g6 20. gxf5 exf5 21. Rfd1 Nd5 22. c4
dxc3 23. bxc3 Nd8 24. Nc2 Ne6 25. Rf1 Rfc8 26. a3 Bf8 27. Rf2 Bh6 28. Raf1 Rc7
29. Qe1 Bxf4+ 30. Bxf4 Ndxf4 31. Rxf4 Nxf4 32. Rxf4 Bxg2 33. Kxg2 Qxd3 34. Rf2
Rd8 35. Nf3 Qe4 36. Qxe4 fxe4 37. Ng5 Re7 38. e6 Rd5 39. Nxe4 Re5 40. Nf6+ Kg7
41. Nd7 R5xe6 42. Nxc5 Rc6 43. Nd3 Rxc3 44. Nf4 Re5 45. h4 Kh6 46. Kh2 Rec5 47.
Nb4 Rxa3 48. Nbd5 Rc6 49. Ne7 Rd6 50. h5 Re3 51. Ned5 Re5 52. Nc3 g5 53. Nfe2
Kxh5 54. Ng3+ Kg6 55. Nce4 Rde6 56. Nc3 b4 0-1

[Event "Druzynowe Mistrzostwa Polski Juniorow 2018 - II Liga"]
[Site "Szczyrk"]
[Date "1899-12-30"]
[Round "8.36"]
[White "Bienek, Magdalena"]
[Black "Czerwinska, Oliwia"]
[Result "0-1"]
[WhiteTitle "II"]
[BlackTitle "I"]
[WhiteElo "1149"]
[BlackElo "1245"]

1. c4 e5 2. Nc3 Nc6 3. g3 g6 4. Bg2 Bg7 5. e3 d6 6. Nge2 Nf6 7. O-O O-O 8. Rb1
Bf5 9. Ra1 Re8 10. a3 a6 11. d3 Qd7 12. Rb1 Bh3 13. b4 Bxg2 14. Kxg2 Ne7 15. Bb2
b6 16. d4 Qc6+ 17. Kg1 Qxc4 18. dxe5 dxe5 19. Rc1 Qe6 20. Na4 Rac8 21. Qd3 Qd5
22. Rfd1 Qxd3 23. Rxd3 e4 24. Rdc3 Nfd5 25. R3c2 Bxb2 26. Nxb2 b5 27. Nd4 Red8
28. Nc6 Rd7 29. Nxe7+ Nxe7 30. a4 c6 31. axb5 axb5 32. Rc5 Rcd8 33. Re5 f5 34.
Kg2 Kf7 35. Kh3 Rd2 36. Nc4 bxc4 37. Rxc4 Rxf2 38. Rc1 Rdd2 39. Rh1 g5 40. Rc5
Ng6 0-1

[Event "Druzynowe Mistrzostwa Polski Juniorow 2018 - II Liga"]
[Site "Szczyrk"]
[Date "1899-12-30"]
[Round "8.37"]
[White "Kucharski, Bartlomiej"]
[Black "Matyszkiewicz, Wiktor"]
[Result "1-0"]
[WhiteTitle "I"]
[BlackTitle "I"]
[WhiteElo "1861"]
[BlackElo "1771"]

1. e4 c5 2. Nf3 Nc6 3. Bb5 d6 4. O-O Bd7 5. Re1 e6 6. c3 Be7 7. d4 cxd4 8. cxd4
Nf6 9. Nc3 O-O 10. Bf4 Nb4 11. Bf1 d5 12. e5 Ne4 13. Nxe4 dxe4 14. Rxe4 Bc6 15.
Re2 Bxf3 16. gxf3 Nd5 17. Bg3 Bg5 18. Re4 f5 19. exf6 Qxf6 20. Bh3 Rae8 21. Qb3
Kh8 22. Rae1 Nf4 23. Bxe6 Nxe6 24. Rxe6 Rxe6 25. Qxe6 Qxd4 26. Qf7 1-0

[Event "Druzynowe Mistrzostwa Polski Juniorow 2018 - II Liga"]
[Site "Szczyrk"]
[Date "1899-12-30"]
[Round "8.38"]
[White "Bujalski, Mateusz"]
[Black "Wolak, Kamil"]
[Result "1-0"]
[WhiteTitle "I"]
[BlackTitle "II+"]
[WhiteElo "1804"]
[BlackElo "1579"]

1. e4 c5 2. Nf3 Nc6 3. d4 cxd4 4. Nxd4 e5 5. Nb5 a6 6. Nd6+ Bxd6 7. Qxd6 Qf6 8.
Qxf6 Nxf6 9. Nc3 Nb4 10. Bd3 d6 11. a3 Nxd3+ 12. cxd3 Be6 13. Bg5 Nd7 14. b4 f6
15. Be3 Rc8 16. Kd2 Ke7 17. Rhc1 f5 18. f3 f4 19. Bf2 g5 20. a4 h5 21. Rc2 Nf6
22. Rac1 Kd7 23. a5 d5 24. Na4 Rxc2+ 25. Rxc2 d4 26. Nc5+ Ke7 27. Nxb7 Rc8 28.
Nc5 Rc6 29. g3 Nd7 30. Nxe6 Rxc2+ 31. Kxc2 Kxe6 32. gxf4 gxf4 33. Kb3 Kd6 34.
Kc4 Kc6 35. Bh4 Nf8 36. Bf6 Ng6 37. h4 Kb7 38. Kd5 Ka7 39. Ke6 1-0

[Event "Druzynowe Mistrzostwa Polski Juniorow 2018 - II Liga"]
[Site "Szczyrk"]
[Date "1899-12-30"]
[Round "8.39"]
[White "Mirowska, Oliwia"]
[Black "Pancewicz, Szymon"]
[Result "1-0"]
[WhiteTitle "I++"]
[BlackTitle "II"]
[WhiteElo "1429"]
[BlackElo "1465"]

1. a3 c5 2. c4 d5 3. cxd5 Nf6 4. Nc3 Nxd5 5. g3 e5 6. Bg2 Nxc3 7. bxc3 Nc6 8. d3
Be7 9. Nf3 O-O 10. O-O Be6 11. Be3 Qc7 12. Qc2 Rac8 13. h4 f5 14. Bg5 f4 15. Kh2
fxg3+ 16. fxg3 e4 17. dxe4 Bd6 18. e5 Nxe5 19. Nxe5 Bxe5 20. Qd3 h6 21. Bxh6 gxh6
22. Qg6+ Kh8 23. Qxh6+ Kg8 24. Qxe6+ Kh8 25. Qh6+ Kg8 26. Bd5+ 1-0

[Event "Druzynowe Mistrzostwa Polski Juniorow 2018 - II Liga"]
[Site "Szczyrk"]
[Date "1899-12-30"]
[Round "8.40"]
[White "Sidorczuk, Pawel"]
[Black "Bartuzi, Krzysztof"]
[Result "0-1"]
[WhiteTitle "II"]
[BlackTitle "II"]
[WhiteElo "1393"]
[BlackElo "1200"]

1. e4 e6 2. d4 d5 3. Nc3 Nf6 4. Bg5 Be7 5. e5 Nfd7 6. h4 c5 7. Nb5 f6 8. exf6 Nxf6
9. Bxf6 Bxf6 10. dxc5 O-O 11. c3 b6 12. Bd3 bxc5 13. Qh5 g6 14. Qh6 e5 15. h5
Bg5 16. Qxh7+ Kxh7 17. hxg6+ Kg8 18. Rh7 e4 19. Be2 Qf6 20. Rf7 Rxf7 21. gxf7+
Qxf7 22. Nd6 Qd7 23. Nxc8 Qxc8 24. Nh3 Qf5 25. Ng1 0-1

[Event "Druzynowe Mistrzostwa Polski Juniorow 2018 - II Liga"]
[Site "Szczyrk"]
[Date "1899-12-30"]
[Round "8.41"]
[White "Pedrak, Paulina"]
[Black "Tkaczyk, Weronika"]
[Result "1/2-1/2"]
[WhiteTitle "I"]
[BlackTitle "I++"]
[WhiteElo "1405"]
[BlackElo "1502"]

1. e4 e5 2. Nf3 Nc6 3. Bb5 a6 4. Ba4 Nf6 5. O-O b5 6. Bb3 Be7 7. Re1 O-O 8. a4
Bb7 9. Nc3 b4 10. Nd5 d6 11. d3 Nxd5 12. Bxd5 Rb8 13. a5 Na7 14. Bc4 c5 15. c3
Nc6 16. Qa4 Qc7 17. Bd2 Bc8 18. cxb4 Nxb4 19. Rec1 Qb7 20. Bc3 Bd7 21. Qd1 Be6
22. Nd2 Qc6 23. Qf1 Bg5 24. Qe2 Qc8 25. Bxe6 Qxe6 26. g3 f5 27. Rf1 f4 28. Nf3
Qg4 29. Rae1 fxg3 30. fxg3 Bd8 31. Ra1 Rb5 32. Rf2 Rxa5 33. Raf1 Bf6 34. Qd2 Rb5
35. Nh4 Rbb8 36. Nf5 Rfd8 37. Nh6+ gxh6 38. Rxf6 Qg5 1/2-1/2

[Event "Druzynowe Mistrzostwa Polski Juniorow 2018 - II Liga"]
[Site "Szczyrk"]
[Date "1899-12-30"]
[Round "8.42"]
[White "Wolszczak, Natalia"]
[Black "Hals, Emilia"]
[Result "1/2-1/2"]
[WhiteTitle "II+"]
[BlackTitle "I"]
[WhiteElo "1079"]
[BlackElo "1243"]

1. e4 c6 2. d4 g6 3. Nf3 Bg7 4. Nc3 d5 5. e5 f6 6. Bf4 fxe5 7. Nxe5 Nd7 8. Bd3
Ngf6 9. Qd2 Nxe5 10. Bxe5 O-O 11. O-O-O b5 12. f3 Nh5 13. g4 Bxe5 14. dxe5 Nf4
15. Bf1 Qa5 16. Kb1 Be6 17. Ne2 Qxd2 18. Rxd2 Nxe2 19. Bxe2 Rf4 20. c3 b4 21.
Rd4 Rxd4 22. cxd4 Rb8 23. Rc1 Bd7 24. Bd1 Kf7 25. Kc2 Rb6 26. Be2 Rb8 27. Kd3
Kg7 28. Ke3 g5 29. Rc5 b3 30. a3 h5 31. Rc1 Ra8 1/2-1/2

[Event "Druzynowe Mistrzostwa Polski Juniorow 2018 - II Liga"]
[Site "Szczyrk"]
[Date "1899-12-30"]
[Round "8.43"]
[White "Kulesza, Andrzej"]
[Black "Twardowski, Hubert"]
[Result "1/2-1/2"]
[WhiteTitle "I"]
[BlackTitle "I"]
[WhiteElo "1918"]
[BlackElo "1728"]

1. e4 e5 2. Nf3 Nc6 3. Bc4 Nf6 4. d3 Bc5 5. c3 d6 6. Bb3 Bb6 7. h3 h6 8. Nbd2 Be6
9. Bc2 d5 10. Qe2 dxe4 11. dxe4 Qe7 12. Nf1 Rg8 13. Ng3 g5 14. Ba4 Bd7 15. Be3
O-O-O 16. O-O-O Kb8 17. Bxb6 axb6 18. Bc2 Be6 19. Kb1 Qc5 20. Nd2 b5 21. a3 Na5
22. Qf3 Qe7 23. Nf5 Bxf5 24. Qxf5 Nc4 25. Nxc4 bxc4 26. Qf3 Qe6 27. Qe2 Nd7 28.
g3 Nb6 29. h4 gxh4 30. Rxh4 Rxd1+ 31. Bxd1 Qf6 32. Qe3 Rd8 33. Bc2 Qg5 34. f4
exf4 35. Qxf4 Rg8 36. Rxh6 Qxg3 37. Qxg3 Rxg3 38. Rf6 Rg1+ 39. Ka2 Rg7 40. Rf2
c6 41. Bd1 Nd7 42. Rf5 f6 43. Be2 Re7 44. Rf4 b5 45. Bg4 Kc7 46. Bxd7 Kxd7 47.
Rxf6 Rxe4 48. a4 Kc7 49. Ka3 Re2 50. a5 Kb7 51. b3 cxb3 52. Kxb3 Re4 53. a6+ 1/2-1/2

[Event "Druzynowe Mistrzostwa Polski Juniorow 2018 - II Liga"]
[Site "Szczyrk"]
[Date "1899-12-30"]
[Round "8.44"]
[White "Sulima, Franciszek"]
[Black "Urbanski, Wojciech"]
[Result "0-1"]
[WhiteTitle "II"]
[BlackTitle "II"]
[WhiteElo "1281"]
[BlackElo "1560"]

1. e4 c5 2. Nc3 Nc6 3. g3 g6 4. Bg2 Bg7 5. d3 d6 6. Nge2 e5 7. O-O Nge7 8. Be3
Be6 9. Qd2 h5 10. Nd1 h4 11. c3 hxg3 12. fxg3 Qd7 13. d4 Bh3 14. Rf2 Bxg2 15.
Rxg2 cxd4 16. cxd4 d5 17. Ndc3 O-O-O 18. Rf2 f5 19. exd5 Nxd5 20. dxe5 Nxe3 21.
Qxe3 Bxe5 22. Rc1 Kb8 23. Nb5 Rhe8 24. Qb3 a6 25. Nbc3 Nd4 26. Qb4 Bg7 27. Nf4
Nc6 28. Qb3 Bd4 29. Ncd5 Bxf2+ 30. Kxf2 g5 0-1

[Event "Druzynowe Mistrzostwa Polski Juniorow 2018 - II Liga"]
[Site "Szczyrk"]
[Date "1899-12-30"]
[Round "8.45"]
[White "Paprocki, Antoni"]
[Black "Trzebinski, Patryk"]
[Result "1-0"]
[WhiteTitle "I"]
[BlackTitle "I"]
[WhiteElo "1792"]
[BlackElo "1779"]

1. e4 e5 2. Nf3 d5 3. exd5 e4 4. Qe2 Be7 5. Qxe4 Nf6 6. Qa4+ Nbd7 7. Be2 O-O 8.
d4 Nb6 9. Qb3 Nfxd5 10. c4 Nf6 11. O-O Re8 12. Nc3 c6 13. h3 Be6 14. Be3 a5 15.
d5 cxd5 16. Bxb6 dxc4 17. Bxd8 cxb3 18. Bxe7 Rxe7 19. axb3 Bxb3 20. Rfe1 Nd5 21.
Nxd5 Bxd5 22. Bb5 Rxe1+ 23. Nxe1 b6 24. Nd3 Bb3 25. Ne5 Rb8 26. Nd7 Rb7 27. Rc1
f6 28. Bc6 Ra7 29. Nxb6 Kf7 30. Be4 h6 31. Rc3 a4 32. f4 Ra6 33. Nd5 Rd6 34. Rc7+
Kf8 35. Rc5 Bxd5 36. Rxd5 Rb6 37. Rd4 Rxb2 38. Rxa4 g5 39. fxg5 fxg5 40. Kh2 Kg7
41. Kg3 Rb8 42. Ra6 Rh8 43. Kg4 Re8 44. Bf5 Re2 45. g3 Re3 46. Rg6+ Kf7 47. Rxh6
Ra3 48. Rd6 Ra8 49. Kxg5 Rg8+ 50. Kf4 1-0

[Event "Druzynowe Mistrzostwa Polski Juniorow 2018 - II Liga"]
[Site "Szczyrk"]
[Date "1899-12-30"]
[Round "8.46"]
[White "Dembicki, Karol"]
[Black "Jakubiec, Maurycy"]
[Result "1-0"]
[WhiteTitle "II"]
[BlackTitle "IV"]
[WhiteElo "1457"]
[BlackElo "1000"]

1. e4 c5 2. Nf3 a6 3. d4 cxd4 4. Nxd4 Nf6 5. Nc3 d6 6. Be2 e6 7. Be3 Be7 8. O-O
O-O 9. f3 Qc7 10. a4 Nc6 11. Qd2 Bd7 12. f4 Nxd4 13. Bxd4 e5 14. Be3 Bc6 15. Bd3
Rad8 16. Nd5 Bxd5 17. exd5 Nxd5 18. Bxh7+ Kxh7 19. Qxd5 f6 20. Rf3 g6 21. fxe5
dxe5 22. Rh3+ Kg7 23. Bh6+ Kh7 24. Bxf8# 1-0